| 000 | 00000nam 2200000zi 4500 |
| 001 | 9.896640 |
| 003 | CaOODSP |
| 005 | 20251103145036 |
| 006 | m o d f |
| 007 | cr |n||||||||| |
| 008 | 210217t20212021onc o f000 0 fre d |
| 020 | |a9780660375212 |
| 040 | |aCaOODSP|bfre|erda|cCaOODSP |
| 043 | |an-cn--- |
| 086 | 1 |aJ4-25/2021F-PDF |
| 245 | 00|aListe de vérification pour les plans parentaux : |brenseignements utiles pour partir du bon pied. |
| 264 | 1|a[Ottawa] : |bMinistère de la justice Canada = Department of Justice Canada, |c2021. |
| 264 | 4|c©2021. |
| 300 | |a1 ressource en ligne (14 pages) |
| 336 | |atexte|btxt|2rdacontent/fre |
| 337 | |ainformatique|bc|2rdamedia/fre |
| 338 | |aressource en ligne|bcr|2rdacarrier/fre |
| 500 | |aPublié aussi en anglais sous le titre : Parenting plan checklist: information to help you get started. |
| 500 | |aTitre de la couverture. |
| 500 | |aPublié aussi en format HTML. |
| 650 | 6|aGarde conjointe des enfants|zCanada. |
| 710 | 1 |aCanada. |bMinistère de la justice, |eorganisme de publication. |
| 775 | 08|tParenting plan checklist : |w(CaOODSP)9.896638 |
| 795 | |tListe de vérification pour les plans parentaux |w(CaOODSP)9.801564 |
| 856 | 40|qPDF|s328 Ko|uhttps://publications.gc.ca/collections/collection_2021/jus/J4-25-2021-fra.pdf |
| 856 | 4 |qHTML|sS.O.|uhttps://www.justice.gc.ca/fra/df-fl/parent/lvppp-ppc/index.html |